| 000 | 00698cam a2200229 a 4500 | ||
|---|---|---|---|
| 999 |
_c7561 _d7561 |
||
| 001 | 8113186 | ||
| 003 | OSt | ||
| 005 | 20190213114903.0 | ||
| 008 | 811217c19821981miu b 001 eng | ||
| 010 | _a81023101 //r83 | ||
| 020 | _a0310373611 (pbk.) | ||
| 040 |
_aDLC _cDLC _dDAY |
||
| 082 | 0 |
_a220.6 _219 _bF295H |
|
| 100 | 1 | _aFee, Gordon D | |
| 245 | 1 | 0 |
_aHow to read the Bible for all its worth : _ba guide to understanding the Bible / _cGordon D. Fee and Douglas Stuart |
| 260 |
_aGrand Rapids, Mich. : _bZondervan, _cc1982 |
||
| 300 |
_a237 p. ; _c21 cm |
||
| 504 | _aIncludes bibliography and indexes | ||
| 630 | 0 | 0 |
_aBible _xStudy and teaching |
| 700 | 1 | 0 | _aStuart, Douglas K |
| 942 |
_2ddc _cBK |
||